La expedición militar española contra Argel de 1775 (Record no. 19194)

MARC details
000 -LEADER
campo de control de longitud fija 00936nam a2200229 i 4500
001 - NÚMERO DE CONTROL
campo de control 19194
003 - IDENTIFICADOR DE NÚMERO DE CONTROL
campo de control ES-MaACL
005 - FECHA Y HORA DE LA ÚLTIMA TRANSACCIÓN
campo de control 20251005063031.0
007 - CAMPO FIJO DE DESCRIPCIÓN FÍSICA--INFORMACIÓN GENERAL
campo de control de longitud fija t|
008 - DATOS DE LONGITUD FIJA--INFORMACIÓN GENERAL
campo de control de longitud fija 020612s2001 sp ||||1| spa d
020 ## - NÚMERO INTERNACIONAL ESTÁNDAR DEL LIBRO
Número Internacional Estándar del Libro 84-607-2314-3
080 ## - NÚMERO DE LA CLASIFICACIÓN DECIMAL UNIVERSAL
Número de la Clasificación Decimal Universal 355.48(65 A.)"17"
100 0# - ENTRADA PRINCIPAL--NOMBRE DE PERSONA
Nombre de persona Fernán Núñez, Carlos Gutiérrez de los Ríos,
Títulos y otros términos asociados al nombre Conde de,
Fechas asociadas al nombre 1742-1795
9 (RLIN) 49317
245 13 - MENCIÓN DEL TÍTULO
Título La expedición militar española contra Argel de 1775
Resto del título : (según el Diario de un testigo ocular) /
Mención de responsabilidad, etc. [edición], Juan Antonio López Delgado.
260 ## - PUBLICACIÓN, DISTRIBUCIÓN, ETC.
Lugar de publicación, distribución, etc. Murcia :
Nombre del editor, distribuidor, etc. J.A. López,
Fecha de publicación, distribución, etc. 2001 (
Lugar de fabricación/manufactura Murcia :
Fabricante Gráf. Ibáñez)
300 ## - DESCRIPCIÓN FÍSICA
Extensión 306 p. (algunas pleg.) :
Otras características físicas planos ;
Dimensiones 24 cm.
500 ## - NOTA GENERAL
Nota general Incluye (p. 39-234) reprod. del ms.: Diario de la expedición contra Argel.
651 #4 - PUNTO DE ACCESO ADICIONAL DE MATERIA--NOMBRE GEOGRÁFICO
Nombre geográfico Argel-
Subdivisión general Historia militar-
Subdivisión cronológica S.XVIII.
9 (RLIN) 7797
700 1# - ENTRADA AGREGADA--NOMBRE PERSONAL
Nombre de persona López Delgado, Juan Antonio.
9 (RLIN) 73607
852 ## - LOCALIZACIÓN
Ubicación ES-MaACL
Número de control de estantería L-25628
Sublocalización o colección R.130837
Holdings
Estatus retirado Estado de pérdida Estado de daño No para préstamo Biblioteca de origen Biblioteca actual Ubicación en estantería Fecha de adquisición Fuente de adquisición Total de préstamos Signatura topográfica completa Código de barras Visto por última vez Precio de reemplazo Tipo de ítem Koha
        Biblioteca del Ateneo de Madrid Biblioteca del Ateneo de Madrid Depósito 2 17/01/2008     L-25628 1019639 23/02/2023 23/02/2023 Libro impreso